March Birthdays - Statistics

General Stats
  • This quiz has been taken 231 times
    10 since last reset
  • The average score is 15 of 31
Answer Stats
# Hint Person % Correct
3 Inventor of the first practical telephone. Alexander Graham Bell
100%
2 Author of The Cat in the Hat and How the Grinch Stole Christmas. Dr. Seuss
89%
25 Singer with hits like "Rocket Man," "Crocodile Rock," and "Tiny Dancer." Elton John
89%
14 German-born physicist who formulated the Theory of Relativity. Albert Einstein
78%
4 Violinist / composer who wrote "The Four Seasons." Antonio Vivaldi
78%
19 Starred in Die Hard, Pulp Fiction, and The Sixth Sense. Bruce Willis
78%
28 Singer with hits like "Bad Romance," "The Edge of Glory," and "Poker Face." Lady Gaga
78%
30 Dutch painter known for his masterpiece "Starry Night." Vincent van Gogh
78%
24 Magician / escape artist who managed to escape a pair of handcuffs that took five years to make. Harry Houdini
67%
16 4th United States President and writer of the US Constitution. James Madison
67%
1 Singer with hits like "Baby," "Boyfriend," and "Love Yourself." Justin Bieber
67%
6 7-foot basketball center who was the NBA's MVP in 2000. Shaquille O'Neal
67%
11 Creator, producer, and frequent victim of MTV's stunt show Jackass. Johnny Knoxville
56%
7 Walter White from Breaking Bad and the dad from Malcolm in the Middle. Bryan Cranston
44%
10 Roundhouse-kicking star of Walker, Texas Ranger. Chuck Norris
44%
26 Member of the Supremes and Golden Globe-award winning actress. Diana Ross
44%
21 Starred in The Dark Knight, Leon: The Professional, and Tinker Tailor Soldier Spy. Gary Oldman
44%
31 German composer primarily known for playing the organ. Johann Sebastian Bach
44%
15 Well-known Supreme Court Justice who served from 1993-2020. Ruth Bader Ginsburg
44%
20 Host of the children's show Mister Rogers' Neighborhood. Fred Rogers
33%
17 Starred in Escape from New York, The Thing, and Chinatown. Kurt Russell
33%
18 Rapper and actress who had roles in Chicago and Hairspray. Queen Latifah
33%
22 Played Captain Kirk in the original Star Trek series. William Shatner
33%
8 Actor known best for his breakout role as Dawson Leery on Dawson's Creek. James Van Der Beek
22%
23 Classic film actress known for having a rivalry with actress Bette Davis. Joan Crawford
22%
29 10th President of the United States. John Tyler
22%
27 Pop artist with hits "We Belong Together," "Vision Of Love," and "One Sweet Day." Mariah Carey
22%
12 Republican Party candidate for the 2012 US Presidential Election. Mitt Romney
22%
9 Actor who appeared in Ex Machina, Star Wars, and Frankenstein (2025). Oscar Isaac
11%
13 Starred in Fargo and the TV show Shameless. William H. Macy
11%
5 Starred in Training Day, 2 Fast 2 Furious, and The Other Guys. Eva Mendes
0%
No matching quizzes found
Score Distribution
Percent of People with Each Score
Percentile by Number Answered
Your Score History
You have not taken this quiz since the last reset